Nicaragua: plan de reactivación económica

Gespeichert in:
Bibliographische Detailangaben
Format: Text
Schlagworte:
Tags: Tag hinzufügen
Keine Tags, Fügen Sie den ersten Tag hinzu!

MARC

LEADER 00000 a a2200000 04500
001 17931
003
040
245 |a Nicaragua:   |b plan de reactivación económica  
650 |a DERECHOS HUMANOS  
650 |a ECONOMIA  
650 |a POLITICA  
650 |a AMERICA LATINA  
773 |g volumen 4, número 2; páginas 13-14  
999 |c 32733  |d 32733